Pokémon: Champions d'arènes, Clic quiz. - Statistiques

Statistiques générales
  • Ce quiz a été pris 20 fois
  • Le résultat moyen est 56 sur 76
Statistiques - réponses
Hint Réponse % Correct
Sally Galar
92%
Alistair Galar
92%
Lino Kalos
92%
Ondine Kanto
92%
Mashynn Paldea
92%
Roy Galar
83%
Donna Galar
83%
Voltère Hoenn
83%
Bastien Hoenn
83%
Blanche Johto
83%
Valériane Kalos
83%
Violette Kalos
83%
Cornélia Kalos
83%
Blue Kanto
83%
Koga Kanto
83%
Major Bob Kanto
83%
Laïm Paldea
83%
Okuba Paldea
83%
Flo Sinnoh
83%
Tcheren Unys
83%
Inezia Unys
83%
Aloé Unys
83%
Travis Galar
75%
Percy Galar
75%
Chaz Galar
75%
Rosemary Galar
75%
Kabu Galar
75%
Marc Hoenn
75%
Levy Hoenn
75%
Jasmine Johto
75%
Sandra Johto
75%
Erika Kanto
75%
Auguste Kanto
75%
Morgane Kanto
75%
Giovanni Kanto
75%
Pierre Kanto
75%
Era Paldea
75%
Lovis Sinnoh
75%
Tanguy Sinnoh
75%
Kiméra Sinnoh
75%
Pierrick Sinnoh
75%
Amana Unys
75%
Rachid Unys
75%
Strykna Unys
75%
Artie Unys
75%
Armando Unys
75%
Zhu Unys
75%
Bardane Unys
75%
Adriane Hoenn
67%
Alizée Hoenn
67%
Juan Hoenn
67%
Roxanne Hoenn
67%
Mortimer Johto
67%
Hector Johto
67%
Albert Johto
67%
Amaro Kalos
67%
Lem Kalos
67%
Jeannine Kanto
67%
Grusha Paldea
67%
Tully Paldea
67%
Kombu Paldea
67%
Gladys Sinnoh
67%
Iris Unys
67%
Peterson Galar
58%
Tatia Hoenn
58%
Norman Hoenn
58%
Chuck Johto
58%
Frédo Johto
58%
Urup Kalos
58%
Colza Paldea
58%
Charles Sinnoh
58%
Watson Unys
58%
Noah Unys
58%
Faïza Galar
50%
Carolina Unys
50%
Lona Galar
42%
Aucun quiz correspondant
Distribution des résultats
% des personnes avec chaque résultat
Percentile par nombre de réponses
Votre historique - résultats
Vous n’avez pas pris ce quiz